FIFA 25 ICON QUIZ - Statistics

General Stats
  • This quiz has been taken 179 times
  • The average score is 66 of 103
Answer Stats
Hint Answer % Correct
95 Pelé
100%
94 Ronaldo
94%
90 Roberto Carlos
92%
93 Ronaldinho
92%
94 Zinedine Zidane
90%
89 Didier Drogba
88%
93 Johan Cruyff
87%
90 Xavi
86%
91 Eusébio
85%
92 Lev Yashin
85%
89 Gareth Bale
84%
89 Samuel Eto’o
83%
91 Thierry Henry
83%
92 Ferenc Puskás
82%
89 Philipp Lahm
82%
90 George Best
80%
88 Gheorghe Hagi
80%
86 Roy Keane
80%
89 Kenny Dalglish
79%
92 Paolo Maldini
79%
91 Carlos Alberto
78%
89 Luis Figo
78%
88 Pavel Nedvěd
78%
90 Ruud Gullit
78%
86 Henrik Larsson
77%
86 Michael Essien
77%
91 Cafú
76%
87 Davor Šuker
76%
88 Michael Laudrup
74%
89 Peter Schmeichel
74%
88 Petr Cech
74%
89 Carles Puyol
73%
89 Hristo Stoichkov
72%
87 Ian Rush
72%
92 Gerd Müller
71%
88 Andriy Shevchenko
69%
92 Garrincha
69%
89 Hugo Sanchez
69%
89 Kaká
69%
90 Iker Casillas
68%
91 Marco van Basten
68%
91 Zico
68%
92 Bobby Charlton
67%
91 Gianluigi Buffon
67%
89 Javier Zanetti
67%
88 Steve Gerrard
67%
86 Luis Hernández
66%
89 Sócrates
66%
89 Fabio Cannavaro
65%
88 Laurent Blanc
65%
90 Rivaldo
65%
88 Robin van Persie
65%
88 Wayne Rooney
64%
87 Fernando Torres
63%
87 Frank Lampard
63%
88 Edwin van der Sar
62%
90 Bobby Moore
61%
88 David Beckham
61%
86 Juan Sebastián Verón
61%
88 Paul Scholes
61%
88 Rio Ferdinand
61%
90 Lothar Matthäus
60%
88 Miroslav Klose
60%
90 Alessandro Del Piero
59%
90 Andrea Pirlo
59%
87 Emmanuel Petit
59%
86 Hernan Crespo
59%
88 Marcel Desailly
59%
86 Ashley Cole
58%
91 Franco Baresi
58%
89 Jairzinho
57%
88 Ronald Koeman
57%
89 Ruud van Nistelrooy
57%
89 Alan Shearer
56%
88 Franc Ribéry
56%
87 Frank Rijkaard
56%
88 Juan Román Riquelme
56%
87 Claude Makélélé
54%
88 Fernando Hierro
54%
88 Bastian Schweinsteiger
53%
87 Xabi Alonso
53%
89 Alessandro Nesta
52%
88 Liliam Thuram
52%
89 Emilio Butragueño
51%
91 Roberto Baggio
51%
87 Robert Pires
51%
86 Gianluca Zambrotta
50%
90 Raúl
49%
86 Gennaro Gattuso
48%
88 Michael Owen
48%
89 Gary Lineker
47%
89 Eric Cantona
46%
88 Patrick Viera
45%
87 Gianfranco Zola
43%
90 Dennis Bergkamp
42%
87 Patrick Kluivert
41%
86 Sol Campbell
41%
87 John Barnes
40%
87 David Trezeguet
38%
88 Michael Ballack
37%
87 Ian Wright
35%
87 Clarence Seedorf
33%
87 Nemanja Vidić
18%
No matching quizzes found
Score Distribution
Percent of People with Each Score
Percentile by Number Answered
Your Score History
You have not taken this quiz